| 000 | 00851nam a22001937a 4500 | ||
|---|---|---|---|
| 003 | BR-ViAPE | ||
| 005 | 20260505135607.0 | ||
| 008 | 260505m19771978por gs||||s000 0 por d | ||
| 040 | _cBR-ViAPE | ||
| 110 |
_aEspírito Santo _bEstado |
||
| 245 | _aMensagem enviada à Assembleia Legislativa Élcio Álvares Governador do Estado do Espírito Santo | ||
| 260 |
_a[s.l.] _b[s.n.] _c1978 |
||
| 300 |
_a310 p. _bDocumento digitalizado (PDF) |
||
| 500 | _aDocumento digitalizado do acervo institucional do Arquivo Público do Estado do Espírito Santo - APEES. | ||
| 650 |
_aAdministração pública _zEspírito Santo |
||
| 651 |
_aEspírito Santo _xAdministração pública |
||
| 856 |
_uhttps://ape.es.gov.br/Media/ape/PDF/Mensagens/Mensagem-2024/mensagem%201978%20capa%201977%20dentro-1.pdf _yCLIQUE AQUI PARA ACESSAR O DOCUMENTO |
||
| 942 |
_2ddc _cMSGREL _n1 |
||
| 999 |
_c593 _d593 |
||